[Event "FIDE World Blitz 2014"]
[Site "Dubai UAE"]
[Date "2014.06.20"]
[Round "21.42"]
[White "Aleksandrov, A"]
[Black "Gundavaa, B"]
[Result "1/2-1/2"]
[WhiteElo "2554"]
[BlackElo "2501"]
[EventDate "2014.06.19"]

1. d4 Nf6 2. c4 e6 3. Nc3 Bb4 4. e3 O-O 5. Bd3 d5 6. cxd5 exd5 7. Ne2 c6 
8. O-O Bd6 9. Qc2 Re8 10. f3 c5 11. Nb5 c4 12. Bf5 Bf8 13. Bxc8 Qxc8 14. 
Nbc3 Qc6 15. b3 b5 16. bxc4 Qxc4 17. a3 Nbd7 18. Bd2 Nb6 19. Rfb1 Rac8 20.
 Qd1 a6 21. Rc1 Qd3 22. Nf4 Qf5 23. g4 Qg5 24. Qe1 Nxg4 25. fxg4 Qxg4+ 26.
 Qg3 Qxg3+ 27. hxg3 Nc4 28. Be1 Rxe3 29. Ncxd5 Re4 30. a4 Rxd4 31. Bf2 Rd2
32. axb5 axb5 33. Rab1 Nd6 34. Rxc8 Nxc8 35. Rxb5 Rc2 36. Rb8 h6 37. Ne3 
Rc1+ 38. Kg2 Bd6 39. Ra8 Kh7 40. Nf5 Be5 41. Be3 Rc2+ 42. Kf3 Nd6 43. Nxd6
Bxd6 44. Ra7 Rc7 45. Ra6 Be5 46. Nd3 Bf6 47. Ra3 Rc4 48. Bf4 Rd4 49. Nf2 
Rc4 50. Ne4 Bd4 51. Rb3 g5 52. Be3 Bxe3 53. Rxe3 Kg6 54. Nd6 Rc6 55. Rd3 
f5 56. Nb5 h5 57. Ra3 Rb6 58. Nd4 h4 59. gxh4 gxh4 60. Ra1 Rb4 61. Nc2 Re4
62. Rg1+ Kf6 63. Ne3 Ra4 64. Rh1 Ke5 65. Rb1 Rf4+ 66. Ke2 Re4 67. Rb5+ Ke6
68. Kf3 Ra4 69. Nxf5 h3 70. Kg3 Ra3+ 71. Kh2 Kf6 72. Ng3 Rd3 73. Kxh3 Ke6 
74. Kg4 Rd4+ 75. Kf3 Ra4 76. Ne4 Ra3+ 77. Kf4 Ra4 78. Rb6+ Kd7 79. Rh6 Kc7
80. Ke5 Ra1 81. Rh2 Rd1 82. Nc3 Rd3 83. Nb5+ Kb6 84. Nd4 Rd1 85. Kd5 Kb7 
86. Rh7+ Kb6 87. Rd7 Rd2 88. Kc4 Rh2 89. Rd6+ Kc7 90. Nb5+ Kb7 91. Nc3 Rh1
92. Kc5 Rc1 93. Rd7+ Kc8 94. Rd3 Kb7 95. Kd6 Kb6 96. Ne2 Rc6+ 97. Kd5 Rc5+
1/2-1/2

[Event "42nd TCh-GRE 2014"]
[Site "Porto Rio GRE"]
[Date "2014.06.30"]
[Round "4.2"]
[White "Baron, Ta"]
[Black "Mastrovasilis, A"]
[Result "1/2-1/2"]
[WhiteElo "2515"]
[BlackElo "2512"]
[EventDate "2014.06.28"]

1. d4 Nf6 2. c4 e6 3. Nc3 d5 4. cxd5 exd5 5. Bg5 c6 6. Qc2 Na6 7. e3 Nb4 
8. Qd2 Bf5 9. Rc1 a5 10. a3 Na6 11. Nge2 Be7 12. Ng3 Bg6 13. h4 h5 14. 
Nce2 Nc7 15. Nf4 Ne4 16. Bxe7 Qxe7 17. Nxg6 fxg6 18. Nxe4 Qxe4 19. Qc2 
Qxc2 20. Rxc2 Rf8 21. Rg1 Rf6 22. Bd3 Kf7 23. Ke2 Re8 24. Rb1 Ne6 25. Kd1 
g5 26. hxg5 Nxg5 27. b4 axb4 28. Rxb4 b5 29. a4 bxa4 30. Rxa4 h4 31. Ra6 
h3 32. gxh3 Nxh3 33. Ke1 Ree6 34. Rb6 Ng1 35. Ra2 g5 36. Ra7+ Re7 37. Rbb7
Rxb7 38. Rxb7+ Ke6 39. Rg7 Nf3+ 40. Ke2 Kd6 41. Ba6 Ng1+ 42. Ke1 Nh3 43. 
f4 Nxf4 44. exf4 Rxf4 45. Bb7 Rxd4 46. Rg6+ Ke5 47. Bxc6 Kf5 48. Rg8 Re4+ 
49. Kf2 Rf4+ 50. Ke3 d4+ 51. Kd3 Ke5 52. Rxg5+ Kd6 53. Be4 Rf1 54. Rd5+ 
Ke6 55. Ra5 Rd1+ 56. Ke2 Rc1 57. Bd3 Rg1 58. Kf3 Re1 59. Kf4 Kd6 60. Be4 
Rf1+ 61. Bf3 d3 62. Rd5+ Ke6 63. Rd4 d2 64. Rxd2 Kf6 65. Rd6+ Ke7 66. Rb6 
Rf2 67. Ke4 Rf1 68. Ra6 Rf2 69. Bg4 Rf1 70. Bf5 Re1+ 71. Kd5 Rd1+ 72. Ke5 
Re1+ 73. Be4 Re2 74. Ra7+ Ke8 75. Ra1 Ke7 76. Rh1 Ke8 77. Kd5 Ke7 1/2-1/2

[Event "Najdorf Mem Open A 2014"]
[Site "Warsaw POL"]
[Date "2014.07.20"]
[Round "9.12"]
[White "Raznikov, D"]
[Black "Jakubowski, K"]
[Result "1/2-1/2"]
[WhiteElo "2500"]
[BlackElo "2537"]
[EventDate "2014.07.14"]

1. d4 Nf6 2. c4 e6 3. Nc3 d5 4. Nf3 Nbd7 5. cxd5 exd5 6. Bf4 c6 7. Qc2 Nb6
8. e3 Bd6 9. Bg3 Bg4 10. Ne5 Bh5 11. Bd3 Bg6 12. Bxg6 hxg6 13. O-O-O Qe7 
14. h3 a5 15. Rhe1 Bb4 16. f3 a4 17. a3 Ba5 18. e4 dxe4 19. fxe4 O-O 20. 
Re2 Nfd7 21. Nxd7 Nxd7 22. Kb1 Bxc3 23. Qxc3 Rac8 24. Qf3 b5 25. d5 Rfe8 
26. d6 Qe6 27. e5 c5 28. Qd5 f6 29. Qd3 b4 30. Qxg6 fxe5 31. Qxe6+ Rxe6 
32. axb4 cxb4 33. Be1 b3 34. Re4 Rc6 35. Bb4 Rf6 36. Ba3 Rf4 37. Rxf4 exf4
38. Rd4 g5 39. Rd5 Kf7 40. Rxg5 Rc2 41. Rf5+ Ke6 42. Rxf4 Rxg2 43. Kc1 Nb6
44. Kd1 Rc2 45. Re4+ Kd7 46. Re7+ Kd8 47. Ra7 Nc4 48. Rxa4 Nxb2+ 49. Bxb2 
Rxb2 50. Rb4 Kd7 51. Kc1 Rc2+ 52. Kb1 Rc3 53. Kb2 Rxh3 54. Rxb3 Rxb3+ 55. 
Kxb3 Kxd6 1/2-1/2

[Event "41st Olympiad Open 2014"]
[Site "Tromso NOR"]
[Date "2014.08.04"]
[Round "3.4"]
[White "Sadler, M"]
[Black "Baramidze, D"]
[Result "1-0"]
[WhiteElo "2653"]
[BlackElo "2612"]
[EventDate "2014.08.02"]

1. d4 d5 2. c4 e6 3. Nc3 Nf6 4. cxd5 exd5 5. Bg5 c6 6. Qc2 Be7 7. e3 Nbd7 
8. Bd3 Nh5 9. Bxe7 Qxe7 10. O-O-O Nb6 11. h3 g6 12. Nf3 Ng7 13. g4 Bd7 14.
 Kb1 O-O-O 15. Rc1 Kb8 16. a4 Nc8 17. a5 Nd6 18. a6 b6 19. e4 dxe4 20. 
Nxe4 f5 21. Nxd6 Qxd6 22. Ne5 Rhf8 23. Qc4 Rc8 24. Rhe1 Be8 25. Rc2 fxg4 
26. hxg4 Rf4 27. Be4 Ne6 28. Rd2 Ng5 29. Bh1 h5 30. Qc3 hxg4 31. Qg3 Rf6 
32. Qxg4 Ne6 33. Rc1 g5 34. Rc4 Rf4 35. Qg3 Rc7 36. Qc3 b5 37. Nxc6+ Bxc6 
38. Rxc6 Rxc6 39. Bxc6 Rxd4 40. Bb7 Qd7 41. Rc2 Rc4 42. Qe5+ Nc7 43. Rxc4 
bxc4 44. Kc1 Qe6 45. Qxe6 Nxe6 46. Bd5 Nc5 47. Bxc4 g4 48. Kd2 g3 49. fxg3
Ne4+ 50. Ke3 Nxg3 51. Kf4 Nh5+ 52. Kg5 Ng3 53. Bd3 Nh1 54. Kf4 Nf2 55. Bc2
1-0

[Event "41st Olympiad Open 2014"]
[Site "Tromso NOR"]
[Date "2014.08.04"]
[Round "3.16"]
[White "Leitao, R"]
[Black "Kasimdzhanov, R"]
[Result "1/2-1/2"]
[WhiteElo "2649"]
[BlackElo "2700"]
[EventDate "2014.08.02"]

1. d4 d5 2. c4 e6 3. Nc3 Be7 4. cxd5 exd5 5. Bf4 c6 6. e3 Bf5 7. Nge2 Nd7 
8. Ng3 Bg6 9. Be2 Nf8 10. Nh5 Ne6 11. Bg3 Bd6 12. Qb3 Rb8 13. O-O Bxh5 14.
 Bxh5 Bxg3 15. hxg3 Nf6 16. Be2 O-O 17. Qc2 Qe7 18. Rab1 c5 19. Rfd1 cxd4 
20. exd4 Rfd8 21. Bf3 Rbc8 22. Qd3 Qb4 23. a3 Qb6 24. Rd2 Qa5 25. Rbd1 h6 
26. Qf5 Rc4 27. Be2 Rc6 28. Bf3 Rc4 29. Be2 Rc6 30. Bf3 1/2-1/2

[Event "41st Olympiad Open 2014"]
[Site "Tromso NOR"]
[Date "2014.08.11"]
[Round "9.18"]
[White "Ringoir, T"]
[Black "Palac, M"]
[Result "0-1"]
[WhiteElo "2508"]
[BlackElo "2563"]
[EventDate "2014.08.02"]

1. d4 d5 2. Bf4 c5 3. e3 Nf6 4. c3 Nc6 5. Nd2 cxd4 6. exd4 Bf5 7. Qb3 Qc8 
8. Ngf3 e6 9. Be2 Be7 10. O-O O-O 11. Rfe1 a6 12. a4 Ne4 13. Nxe4 Bxe4 14.
 Qd1 Qd8 15. Bd3 Bxd3 16. Qxd3 Rc8 17. Re3 Re8 18. Rae1 Bf6 19. Nd2 Na5 
20. Rh3 g6 21. Nf3 Nc4 22. b3 Nd6 23. Ne5 Bg7 24. Rf3 Qe7 25. Rfe3 b5 26. 
axb5 axb5 27. R3e2 Red8 28. Rc2 Qb7 29. Ra1 Ne4 30. Nf3 Ra8 31. Rcc1 Rxa1 
32. Rxa1 Rc8 33. Rc1 Qa6 34. Bd2 Qa2 35. Qb1 Qxb1 36. Rxb1 Nxd2 37. Nxd2 
Rxc3 38. Nf3 g5 39. h3 h5 0-1

[Event "7th Arad Open 2014"]
[Site "Arad ROU"]
[Date "2014.08.08"]
[Round "7.2"]
[White "Berkes, F"]
[Black "Jakubowski, K"]
[Result "1/2-1/2"]
[WhiteElo "2658"]
[BlackElo "2530"]
[EventDate "2014.08.04"]

1. d4 d5 2. c4 e6 3. Nc3 Nf6 4. cxd5 exd5 5. Bg5 c6 6. e3 Qb6 7. Qd2 Bf5 
8. Bxf6 gxf6 9. Bd3 Bg6 10. Nge2 Bd6 11. O-O Nd7 12. Rab1 Qc7 13. Kh1 a6 
14. a4 a5 15. f4 Bxd3 16. Qxd3 Nb6 17. b3 Bb4 18. Rf3 Qe7 19. Rh3 O-O-O 
20. Na2 Qe4 21. Nxb4 axb4 22. Nc1 Rde8 23. Kg1 h5 24. a5 Nd7 25. Qxe4 Rxe4
26. Nd3 f5 27. Rf3 Nf6 28. Nxb4 Kc7 29. Nc2 Re7 30. Rff1 Ng4 31. Rfe1 Rhe8
32. Re2 Kd6 33. Rbe1 Ra8 34. Ra1 Rae8 35. Rae1 Ra8 36. b4 b6 37. axb6 Rb7 
38. h3 Nf6 39. Ra1 Rxa1+ 40. Nxa1 Rxb6 41. Rb2 Ra6 42. Nc2 Ne4 43. Kf1 Kc7
44. Ke2 Kb6 45. Kd3 Kb5 46. Rb3 Ra2 47. Rb1 Ka4 48. Ra1 Rxa1 49. Nxa1 Kxb4
50. Nc2+ Kb5 51. Ne1 Kb6 52. Nf3 Kc7 53. Ng5 Nd6 54. Ke2 Kd7 55. Nf3 f6 
56. Nd2 Ke6 57. Kd3 Ne4 58. Nxe4 fxe4+ 59. Ke2 h4 60. Kf2 f5 61. g3 hxg3+ 
62. Kxg3 Kf6 63. h4 1/2-1/2

[Event "25th Czech Rapid G1 2014"]
[Site "Pardubice CZE"]
[Date "2014.07.17"]
[Round "6.1"]
[White "Navara, D"]
[Black "Vajda, Le"]
[Result "0-1"]
[WhiteElo "2716"]
[BlackElo "2569"]
[EventDate "2014.07.16"]

1. d4 Nf6 2. c4 e6 3. Nf3 d5 4. Bg5 Nbd7 5. cxd5 exd5 6. Nc3 c6 7. e3 Be7 
8. Bd3 Nh5 9. Bxe7 Qxe7 10. O-O Nhf6 11. Qc2 O-O 12. Rab1 Re8 13. b4 a6 
14. a4 g6 15. Rfe1 Qd6 16. h3 a5 17. bxa5 Rxa5 18. Nd2 Ra8 19. Kh1 Nh5 20.
 Nb3 b6 21. e4 Nf4 22. exd5 Rxe1+ 23. Rxe1 cxd5 24. Nb5 Qb4 25. Re8+ Kg7 
26. Nc7 Nf6 27. Rd8 Bxh3 28. Rxa8 Qe1+ 29. Kh2 Bxg2 30. Ne8+ Nxe8 31. Kg3 
g5 32. Qb1 Qe6 33. Bf5 Qh6 0-1

[Event "Liepajas Rokade Open 2014"]
[Site "Liepaja LAT"]
[Date "2014.07.11"]
[Round "7.1"]
[White "Kovalenko, I"]
[Black "Khalifman, A"]
[Result "1-0"]
[WhiteElo "2650"]
[BlackElo "2621"]
[EventDate "2014.07.10"]

1. d4 Nf6 2. c4 e6 3. Nf3 d5 4. Nc3 Nbd7 5. cxd5 exd5 6. Bg5 Be7 7. e3 c6 
8. Bd3 Nh5 9. Bxe7 Qxe7 10. Qc2 Nf4 11. Bf1 Ng6 12. h4 Nf6 13. h5 Nf8 14. 
Ne5 Ng4 15. Nd3 Bf5 16. O-O-O Nd7 17. Re1 O-O 18. f3 Nxe3 19. g4 Nxc2 20. 
Rxe7 Bxd3 21. Bxd3 Nb4 22. Bf5 Nb6 23. Rxb7 g6 24. Bb1 Na6 25. Bd3 Nb8 26.
 a4 Nc8 27. h6 Nd6 28. Rc7 Rc8 29. Rxc8+ Nxc8 30. Re1 Kf8 31. b4 a5 32. b5
Nb6 33. f4 cxb5 34. Bxb5 Na6 35. Bxa6 Rxa6 36. Kc2 Nc8 37. Kd3 Ne7 38. Rb1
Ke8 39. Rb8+ Kd7 40. Rh8 g5 41. fxg5 Rg6 42. Rxh7 Rxg5 43. Rxf7 Ke6 44. 
Rxe7+ 1-0

[Event "Liepajas Rokade Open 2014"]
[Site "Liepaja LAT"]
[Date "2014.07.12"]
[Round "13.2"]
[White "Fridman, D"]
[Black "Khalifman, A"]
[Result "1/2-1/2"]
[WhiteElo "2639"]
[BlackElo "2621"]
[EventDate "2014.07.10"]

1. d4 Nf6 2. c4 e6 3. Nc3 d5 4. cxd5 exd5 5. Bg5 c6 6. Qc2 Be7 7. e3 Bg4 
8. Nge2 Bh5 9. Ng3 Bg6 10. Nf5 Bxf5 11. Qxf5 Nbd7 12. Bd3 g6 13. Qh3 Nh5 
14. Bh6 Bf8 15. Bxf8 Kxf8 16. g4 Nhf6 17. Qh6+ Kg8 18. Be2 Qf8 19. Qf4 Qb8
20. Qh6 Qf8 21. Qh3 Qe7 22. Qg3 Kg7 23. Bf3 Nb6 24. g5 Ne4 25. Bxe4 dxe4 
26. h4 h5 27. b3 Nd5 28. Nxd5 cxd5 29. O-O Rac8 30. Rac1 Rhe8 31. Rfd1 Kg8
32. Qh3 Qe6 33. Kg2 Qxh3+ 34. Kxh3 b6 35. Kg3 f6 36. Kf4 Kf7 37. Rg1 Ke6 
38. gxf6 Kxf6 39. Rxc8 Rxc8 40. Rg5 Rd8 41. a4 a5 42. Re5 Rd7 43. Re8 Rf7 
44. Rb8 g5+ 45. hxg5+ Kg6+ 46. Kg3 Kxg5 47. Rxb6 h4+ 48. Kg2 h3+ 49. Kxh3 
Rxf2 50. Rb5 Rf3+ 51. Kg2 Rxe3 52. Rxd5+ Kf4 53. Rxa5 Rxb3 54. Rh5 1/2-1/2

[Event "10th Zudov Mem 2014"]
[Site "Nizhny Tagil RUS"]
[Date "2014.09.14"]
[Round "4.1"]
[White "Maletin, P"]
[Black "Goganov, A"]
[Result "1/2-1/2"]
[WhiteElo "2570"]
[BlackElo "2608"]
[EventDate "2014.09.11"]

1. d4 d5 2. c4 e6 3. Nc3 Be7 4. cxd5 exd5 5. Bf4 c6 6. e3 Bd6 7. Bxd6 Qxd6
8. Bd3 Ne7 9. Qc2 b6 10. Nge2 Ba6 11. O-O Bxd3 12. Qxd3 O-O 13. f3 Nd7 14.
 Rad1 f5 15. e4 fxe4 16. fxe4 dxe4 17. Nxe4 Qh6 18. N2c3 Rxf1+ 19. Rxf1 
Rf8 20. Re1 Nf6 21. h3 Nfd5 22. Qd2 Nf4 23. Rf1 Ned5 24. Kh2 Qh4 25. Nxd5 
Nxd5 26. Rxf8+ Kxf8 27. Nc3 Qf4+ 28. Qxf4+ Nxf4 29. Kg3 Nd3 30. b3 Ke7 31.
 Kf3 Ne1+ 32. Kf2 Nc2 33. d5 c5 34. Kf3 Kd6 35. Ke4 a6 36. Na4 b5 37. Nc3 
Na3 38. g4 b4 39. Na4 Nb1 40. h4 Nd2+ 41. Ke3 Nb1 42. Ke4 Nd2+ 43. Ke3 Nb1
44. Ke4 1/2-1/2

[Event "TCh-CRO Div 1a 2014"]
[Site "Bol CRO"]
[Date "2014.10.09"]
[Round "6.5"]
[White "Korobov, A"]
[Black "Dizdar, G"]
[Result "1/2-1/2"]
[WhiteElo "2679"]
[BlackElo "2500"]
[EventDate "2014.10.04"]

1. d4 d5 2. c4 e6 3. Nc3 Nf6 4. cxd5 exd5 5. Bg5 Be7 6. e3 c6 7. Qc2 Nbd7 
8. Bd3 Nh5 9. Bxe7 Qxe7 10. Nge2 Nb6 11. O-O Nf6 12. Rab1 a5 13. Rbe1 O-O 
14. Nc1 a4 15. a3 Be6 16. f3 c5 17. dxc5 Qxc5 18. Qf2 Nc4 19. Bxc4 dxc4 
20. Rd1 b5 21. e4 Nd7 22. N1a2 Rab8 23. Nb4 Rfc8 24. f4 Qxf2+ 25. Rxf2 Nc5
26. f5 Bd7 27. Rfd2 Rb7 28. e5 h5 29. f6 Kh7 30. h3 Be6 31. fxg7 Kxg7 32. 
Ne2 Bf5 33. Nf4 Bg6 34. Nxg6 Kxg6 35. Rd6+ Kg7 36. R1d4 Ne6 37. Rd2 c3 38.
 bxc3 Rxc3 39. R2d3 Rbc7 40. Kf2 Nf4 41. Rf3 Ng6 42. e6 Rxf3+ 43. gxf3 
fxe6 1/2-1/2

[Event "XTRACON GM 2014"]
[Site "Koge DEN"]
[Date "2014.10.15"]
[Round "6.3"]
[White "Fier, A"]
[Black "Rozentalis, E"]
[Result "1/2-1/2"]
[WhiteElo "2589"]
[BlackElo "2600"]
[EventDate "2014.10.11"]

1. d4 d5 2. c4 e6 3. Nc3 Nf6 4. e3 c6 5. cxd5 exd5 6. Bd3 Be7 7. Nge2 a5 
8. O-O O-O 9. a3 Re8 10. b4 Nbd7 11. Rb1 axb4 12. axb4 Nf8 13. f3 Ng6 
1/2-1/2

[Event "TCh-SUI 2014"]
[Site "Switzerland SUI"]
[Date "2014.10.12"]
[Round "9.1"]
[White "Cvitan, O"]
[Black "Stojanovic, Mih"]
[Result "1/2-1/2"]
[WhiteElo "2526"]
[BlackElo "2565"]
[EventDate "2014.03.16"]

1. c4 e6 2. d4 d5 3. Nc3 Nf6 4. cxd5 exd5 5. Bg5 Be7 6. e3 Nbd7 7. Bd3 c6 
8. Qc2 h6 9. Bh4 Nh5 10. Bxe7 Qxe7 11. Nge2 Nb6 12. O-O-O Be6 13. Kb1 
O-O-O 14. Rc1 Kb8 15. Na4 Nxa4 16. Qxa4 Qg5 17. Ng3 Nxg3 18. hxg3 Bf5 19. 
Bxf5 Qxf5+ 20. Qc2 Qf6 21. Rh5 1/2-1/2

[Event "Tashkent FIDE GP 2014"]
[Site "Tashkent UZB"]
[Date "2014.10.27"]
[Round "6.2"]
[White "Jobava, Ba"]
[Black "Jakovenko, D"]
[Result "1/2-1/2"]
[WhiteElo "2717"]
[BlackElo "2747"]
[EventDate "2014.10.21"]

1. d4 Nf6 2. c4 e6 3. Nc3 Bb4 4. e3 O-O 5. Bd3 d5 6. cxd5 exd5 7. Ne2 Re8 
8. O-O Bf8 9. Bd2 c6 10. Rc1 a5 11. f3 c5 12. Be1 Rxe3 13. Bh4 Nc6 14. Nf4
Be6 15. dxc5 Bxc5 16. Kh1 Be7 17. Bxf6 Bxf6 18. Ncxd5 Bxd5 19. Nxd5 Re8 
20. Qb3 Be5 21. Qxb7 Ne7 22. f4 Qxd5 23. Qxd5 Nxd5 24. fxe5 Ne3 25. Rf4 
Rad8 26. e6 Rxe6 27. Rd4 Ree8 28. Rxd8 Rxd8 29. Kg1 g6 30. Be4 Rd2 31. Rc3
Ng4 32. Bf3 Ne5 33. Ra3 Rxb2 34. Rxa5 Nxf3+ 35. gxf3 Kg7 36. Ra6 Kh6 37. 
Ra7 1/2-1/2

[Event "TCh-ISL Div 1 2014-15"]
[Site "Reykjavik ISL"]
[Date "2014.10.02"]
[Round "1.1"]
[White "Grandelius, N"]
[Black "Oleksienko, M"]
[Result "1/2-1/2"]
[WhiteElo "2569"]
[BlackElo "2618"]
[EventDate "2014.10.02"]

1. d4 d5 2. c4 e6 3. Nc3 Be7 4. cxd5 exd5 5. Bf4 c6 6. e3 Bf5 7. Nge2 Nf6 
8. Ng3 Be6 9. Bd3 Nbd7 10. Nf5 Bxf5 11. Bxf5 Nf8 12. Qb3 Qb6 13. Qc2 g6 
14. Bh3 Ne6 15. Bxe6 fxe6 16. O-O Nd7 17. Na4 Qd8 18. Rab1 O-O 19. b4 Bg5 
20. Bd6 Be7 21. Bg3 Bh4 22. Bd6 Be7 23. Bg3 Bh4 24. Bd6 1/2-1/2

[Event "Qatar Masters Open 2014"]
[Site "Doha QAT"]
[Date "2014.11.28"]
[Round "3.14"]
[White "Sjugirov, S"]
[Black "Jussupow, Ar"]
[Result "1-0"]
[WhiteElo "2673"]
[BlackElo "2581"]
[EventDate "2014.11.26"]

1. d4 Nf6 2. c4 e6 3. Nc3 d5 4. cxd5 exd5 5. Bg5 Be7 6. e3 Nbd7 7. Bd3 O-O
8. Nge2 Re8 9. O-O c6 10. Qc2 Nf8 11. f3 Be6 12. Rad1 Rc8 13. e4 dxe4 14. 
fxe4 Ng4 15. Bf4 Ng6 16. e5 Bg5 17. Bxg6 hxg6 18. Qd2 Bxf4 19. Nxf4 Bc4 
20. Rfe1 c5 21. d5 Rxe5 22. b3 Ba6 23. d6 Qg5 24. Ne4 Qh6 25. h3 Nf6 26. 
Nxf6+ gxf6 27. Qf2 Qg5 28. Rxe5 fxe5 29. Nd5 Kg7 30. d7 Rd8 31. Nc7 Qe7 
32. Ne8+ Kh7 33. a4 e4 34. Rd6 e3 35. Nf6+ Kg7 36. Qh4 Qe5 37. Ne8+ Kf8 
38. Qxd8 Qa1+ 39. Rd1 Qxd1+ 40. Kh2 Qd4 41. Nf6+ Kg7 42. Qg8+ Kh6 43. Ng4+
Kh5 44. d8=Q 1-0

[Event "Qatar Masters Open 2014"]
[Site "Doha QAT"]
[Date "2014.11.30"]
[Round "5.19"]
[White "Lenderman, A"]
[Black "Melkumyan, H"]
[Result "1-0"]
[WhiteElo "2598"]
[BlackElo "2678"]
[EventDate "2014.11.26"]

1. d4 Nf6 2. c4 e6 3. Nf3 d5 4. Nc3 Be7 5. Qc2 O-O 6. Bg5 Nbd7 7. cxd5 
exd5 8. e3 c6 9. Bd3 Re8 10. O-O Nf8 11. Rab1 a5 12. Rbe1 g6 13. Ne5 N6d7 
14. Bxe7 Qxe7 15. f4 f5 16. h3 Ne6 17. Kh2 Nxe5 18. dxe5 d4 19. Na4 dxe3 
20. Nb6 Rb8 21. Rxe3 Qc5 22. Qxc5 Nxc5 23. Rc1 Nxd3 24. Rxd3 Be6 25. Rcd1 
Kf7 26. Rd6 Ke7 27. b3 Rbd8 28. Kg3 Rxd6 29. exd6+ Kf7 30. Kf2 Rd8 31. g3 
h6 32. Ke3 c5 33. Rd3 Bd7 34. Rd5 Be6 35. Rxc5 Rxd6 36. Rc7+ Kf6 37. Rxb7 
g5 38. Na4 gxf4+ 39. gxf4 Rd1 40. Nc5 Bd5 41. Rd7 h5 42. h4 a4 43. bxa4 
1-0

[Event "UT Dallas Fall FIDE Open 2014"]
[Site "Richardson USA"]
[Date "2014.11.26"]
[Round "9"]
[White "Margvelashvili, G"]
[Black "Sadorra, J"]
[Result "1/2-1/2"]
[WhiteElo "2548"]
[BlackElo "2596"]
[EventDate "2014.11.21"]

1. d4 Nf6 2. c4 e6 3. Nf3 d5 4. Nc3 c6 5. cxd5 exd5 6. Bg5 Be7 7. e3 Bf5 
8. Bd3 Bxd3 9. Qxd3 Nbd7 10. O-O O-O 11. Qc2 Ne4 12. Bf4 g5 13. Bg3 f5 14.
 Nxe4 dxe4 15. Qb3+ Kh8 16. Be5+ Bf6 1/2-1/2

[Event "28th Belgrade Trophy 2014"]
[Site "Belgrade SRB"]
[Date "2014.11.29"]
[Round "6.1"]
[White "Damljanovic, B"]
[Black "Blagojevic, Dr"]
[Result "0-1"]
[WhiteElo "2562"]
[BlackElo "2504"]
[EventDate "2014.11.24"]

1. d4 d5 2. c4 e6 3. Nc3 c6 4. Nf3 Nf6 5. Bg5 Nbd7 6. cxd5 exd5 7. e3 Be7 
8. Bd3 Ne4 9. Bxe7 Qxe7 10. Bxe4 dxe4 11. Nd2 f5 12. g4 Nf6 13. g5 Nd5 14.
 Nxd5 cxd5 15. Qb3 Be6 16. f4 h6 17. Qb5+ Kf7 18. g6+ Kxg6 19. h4 Rac8 20.
 Kd1 Kh7 21. Nb1 Rc4 22. Nc3 Rhc8 23. Qb3 a6 24. a3 b5 25. Rh2 Qe8 26. Kd2
a5 27. Rg1 b4 28. axb4 axb4 29. Ne2 Qb5 30. Rc1 Bd7 31. Rhh1 Qa6 32. Rxc4 
Rxc4 33. Rc1 Bb5 34. Ke1 Qf6 35. Ra1 Qxh4+ 36. Kd2 Qf2 37. Re1 Be8 38. Qa2
Bh5 39. Qa4 Bg4 0-1

[Event "European Blitz 2014"]
[Site "Wroclaw POL"]
[Date "2014.12.19"]
[Round "5.1"]
[White "Socko, B"]
[Black "Salgado Lopez, I"]
[Result "0-1"]
[WhiteElo "2617"]
[BlackElo "2622"]
[EventDate "2014.12.19"]

1. e4 c6 2. d4 d5 3. exd5 cxd5 4. Bd3 Nf6 5. Ne2 Bg4 6. O-O Nc6 7. c3 e6 
8. Qe1 Bd6 9. f3 Bh5 10. Nf4 Bg6 11. Qe2 Qc7 12. g3 Bxd3 13. Nxd3 h5 14. 
Bg5 O-O-O 15. b4 Rde8 16. b5 Na5 17. Nd2 Nd7 18. Bf4 h4 19. Nb3 Nc4 20. a4
hxg3 21. hxg3 Bxf4 22. gxf4 Reg8 23. Rf2 g5 24. f5 g4 25. f4 g3 26. Rg2 
exf5 27. Nbc5 Nxc5 28. dxc5 Qd8 29. Kf1 Rh1+ 30. Rg1 g2+ 0-1

[Event "European Blitz 2014"]
[Site "Wroclaw POL"]
[Date "2014.12.19"]
[Round "8.1"]
[White "Shimanov, A"]
[Black "Duda, J"]
[Result "1/2-1/2"]
[WhiteElo "2591"]
[BlackElo "2603"]
[EventDate "2014.12.19"]

1. d4 d5 2. Nf3 Nf6 3. c4 e6 4. Nc3 c6 5. Bg5 Nbd7 6. cxd5 exd5 7. e3 Be7 
8. Qc2 O-O 9. Bd3 Re8 10. h3 Nf8 11. Bf4 Ne6 12. Bh2 g6 13. Ne5 Ng7 14. g4
Nd7 15. O-O-O Nxe5 16. dxe5 b5 17. f4 Qb6 18. f5 Bg5 19. e6 Bxe3+ 20. Kb1 
Bxe6 21. fxe6 Nxe6 22. Be5 Nd4 23. Bxd4 Bxd4 24. h4 Re6 25. h5 Rae8 26. 
hxg6 hxg6 27. Ne2 Be5 28. Nc3 Qe3 29. Rdf1 b4 30. Na4 Bd4 31. Rc1 Qg3 32. 
Ba6 Qxg4 33. Qe4 1/2-1/2

[Event "European Blitz 2014"]
[Site "Wroclaw POL"]
[Date "2014.12.19"]
[Round "8.2"]
[White "Socko, B"]
[Black "Sivuk, V"]
[Result "1-0"]
[WhiteElo "2617"]
[BlackElo "2501"]
[EventDate "2014.12.19"]

1. e4 c6 2. d4 d5 3. exd5 cxd5 4. Bd3 Nc6 5. c3 Qc7 6. Ne2 Bg4 7. O-O e6 
8. Qe1 Bxe2 9. Qxe2 Bd6 10. h3 Bh2+ 11. Kh1 Bf4 12. Nd2 Nge7 13. g3 Bd6 
14. Nf3 h6 15. Kg2 O-O 16. Re1 Rae8 17. Bc2 Ng6 18. Qd3 f5 19. Bd2 Rf6 20.
 Re2 Ref8 21. Rae1 Qd7 22. b4 Nd8 23. Bb3 b5 24. a4 a6 25. axb5 axb5 26. 
Ra1 Nf7 27. Ra5 Rb8 28. Ra6 Kh8 29. h4 Ne7 30. Ne5 Bxe5 31. dxe5 Rg6 32. 
h5 Rg4 33. f3 Rc4 34. Bxc4 bxc4 35. Qe3 Rb7 36. Qc5 Kh7 37. Bf4 Rc7 38. 
Qb6 Rc6 39. Ra7 Qc8 40. Qb7 d4 41. Qxe7 1-0

[Event "European Blitz 2014"]
[Site "Wroclaw POL"]
[Date "2014.12.19"]
[Round "8.2"]
[White "Duda, J"]
[Black "Shimanov, A"]
[Result "1-0"]
[WhiteElo "2603"]
[BlackElo "2591"]
[EventDate "2014.12.19"]

1. d4 d5 2. Nf3 Nf6 3. c4 e6 4. Nc3 c6 5. Bg5 Nbd7 6. cxd5 exd5 7. e3 Be7 
8. Qc2 O-O 9. Bd3 Re8 10. h3 Nf8 11. Bf4 Ne6 12. Bh2 g6 13. Ne5 Ng7 14. g4
Nd7 15. O-O-O Nxe5 16. dxe5 b5 17. f4 Qb6 18. f5 Bg5 19. e6 Bxe3+ 20. Kb1 
Bxe6 21. fxe6 Nxe6 22. Be5 Nd4 23. Bxd4 Bxd4 24. h4 Re6 25. h5 Rae8 26. 
hxg6 hxg6 27. Ne2 Be5 28. Nc3 Qe3 29. Rdf1 b4 30. Na4 Bd4 31. Rc1 Qg3 32. 
Ba6 Qxg4 1-0

[Event "European Blitz 2014"]
[Site "Wroclaw POL"]
[Date "2014.12.19"]
[Round "11.2"]
[White "Inarkiev, E"]
[Black "Duda, J"]
[Result "0-1"]
[WhiteElo "2680"]
[BlackElo "2603"]
[EventDate "2014.12.19"]

1. d4 d5 2. c4 e6 3. Nc3 Nf6 4. Bg5 c6 5. e3 Nbd7 6. cxd5 exd5 7. Bd3 Be7 
8. Nge2 Nh5 9. Bxe7 Qxe7 10. Qc2 Nb6 11. O-O g6 12. Rae1 O-O 13. Qd2 Bd7 
14. f3 f5 15. Kh1 Rae8 16. Ng1 Qh4 17. Nce2 Rf7 18. f4 Qe7 19. Nc1 Nc4 20.
 Bxc4 dxc4 21. Nf3 Be6 22. Ne5 Rff8 23. Qc2 b5 24. b3 cxb3 25. Nxb3 Bd5 
26. Rc1 Nf6 27. Na5 Ng4 28. Naxc6 Qh4 29. Nxg4 fxg4 30. Kg1 g3 31. h3 Rc8 
32. Qc5 Bxc6 33. d5 Bd7 34. Qd6 Qd8 35. e4 Qb6+ 36. Qxb6 axb6 37. e5 Bf5 
38. Rfd1 Rxc1 39. Rxc1 Rc8 40. Rxc8+ Bxc8 41. Kf1 Kf7 42. Ke2 Bb7 43. d6 
Ke6 0-1